Statistiken für BDO Darts Weltmeister

Klicken Sie hier um das Quiz zu spielen!

Allgemein

  • Dieses Quiz wurde 69 mal gespielt
  • Das Durchschnittsergebnis liegt bei 25 aus 43

Antwortstatistiken

JahrNationalitätSpieler% Korrekt
1990EnglandPhil Taylor
92%
1992EnglandPhil Taylor
92%
1999NiederlandeRaymond van Barneveld
84%
1998NiederlandeRaymond van Barneveld
84%
2005NiederlandeRaymond van Barneveld
84%
2003NiederlandeRaymond van Barneveld
84%
2014EnglandStephen Bunting
75%
2006NiederlandeJelle Klaasen
73%
1984EnglandEric Bristow
71%
1981EnglandEric Bristow
71%
1986EnglandEric Bristow
71%
1980EnglandEric Bristow
71%
1985EnglandEric Bristow
71%
1994KanadaJohn Part
67%
2019EnglandGlen Durrant
63%
2018EnglandGlen Durrant
63%
2017EnglandGlen Durrant
63%
1988EnglandBob Anderson
61%
1993EnglandJohn Lowe
61%
1979EnglandJohn Lowe
61%
1987EnglandJohn Lowe
61%
1991EnglandDennis Priestley
55%
1996EnglandSteve Beaton
55%
2011EnglandMartin Adams
51%
2010EnglandMartin Adams
51%
2007EnglandMartin Adams
51%
2020WalesWayne Warren
51%
1982SchottlandJocky Wilson
49%
1989SchottlandJocky Wilson
49%
2012NiederlandeChristian Kist
47%
2013EnglandScott Waites
47%
1995WalesRichie Burnett
45%
1983EnglandKeith Deller
43%
2008WalesMark Webster
43%
1978WalesLeighton Rees
41%
2004EnglandAndy Fordham
37%
2015EnglandScott Mitchell
35%
2016EnglandScott Mitchell
35%
2009EnglandTed Hankey
35%
2000EnglandTed Hankey
35%
2001EnglandJohn Walton
33%
2002AustralienTony David
33%
1997SchottlandLes Wallace
31%

Verteilung der Resultate

Perzentil nach korrekt beantworteten Fragen

Anzahl Personen mit jedem Resultat

Ihre Resultats-Entwicklung

Sie haben dieses Quiz noch nicht gespielt